<?xml version="1.0" encoding="UTF-8"?>
<collection xmlns="http://www.loc.gov/MARC21/slim">
<record>
  <controlfield tag="001">133209</controlfield>
  <controlfield tag="005">20240410085328.0</controlfield>
  <datafield tag="024" ind1="7" ind2=" ">
    <subfield code="2">doi</subfield>
    <subfield code="a">10.1007/s10798-015-9347-7</subfield>
  </datafield>
  <datafield tag="024" ind1="8" ind2=" ">
    <subfield code="2">sideral</subfield>
    <subfield code="a">93964</subfield>
  </datafield>
  <datafield tag="037" ind1=" " ind2=" ">
    <subfield code="a">ART-2017-93964</subfield>
  </datafield>
  <datafield tag="041" ind1=" " ind2=" ">
    <subfield code="a">eng</subfield>
  </datafield>
  <datafield tag="100" ind1=" " ind2=" ">
    <subfield code="a">Blanco Bascuas, Teresa</subfield>
    <subfield code="u">Universidad de Zaragoza</subfield>
    <subfield code="0">(orcid)0000-0002-1831-3342</subfield>
  </datafield>
  <datafield tag="245" ind1=" " ind2=" ">
    <subfield code="a">From the islands of knowledge to a shared understanding: interdisciplinarity and technology literacy for innovation in smart electronic product design</subfield>
  </datafield>
  <datafield tag="260" ind1=" " ind2=" ">
    <subfield code="c">2017</subfield>
  </datafield>
  <datafield tag="520" ind1="3" ind2=" ">
    <subfield code="a">In the context of the evolving Internet, a balance between technological advances and meaning change is crucial to develop innovative and breakthrough “connected electronics” that enable the Internet of Things. Designers and technologists are key enablers of this process respectively, ensuring adequate users’ needs and technology development, inside the evolving context of social environment and human relations. Smart electronic product design must be a truly interdisciplinary process, in which technologists are aware of how much their decisions impact the user-product relationship and designers understand the full potential and associated limitations of technology involved. Shared knowledge and communication are essential in this scenario, but, due to their technological limitations, designers are often excluded from high-level decision processes. In this paper, we address the design of constructivist tools and associated strategy to enhance the technological literacy of designers, as a strong foundation for knowledge-based dialogue between these realms. We demonstrate its effectiveness in a long-term multidisciplinary Project-Based Learning application with Design and Electronics students. We present the cases from 2 years’ experimentation (with the first year as control group) that demonstrate improvement in the quality of teamwork; in learning results; improved performance of the students reflected in the quality of the projects developed; and positive teachers’ and students’ evaluations. We conclude that the use of the proposed tool not only provides the designer an active voice in the process of designing smart electronics, but also promotes an effective common language between these two worlds.</subfield>
  </datafield>
  <datafield tag="506" ind1="0" ind2=" ">
    <subfield code="a">Access copy available to the general public</subfield>
    <subfield code="f">Unrestricted</subfield>
  </datafield>
  <datafield tag="540" ind1=" " ind2=" ">
    <subfield code="9">info:eu-repo/semantics/openAccess</subfield>
    <subfield code="a">All rights reserved</subfield>
    <subfield code="u">http://www.europeana.eu/rights/rr-f/</subfield>
  </datafield>
  <datafield tag="590" ind1=" " ind2=" ">
    <subfield code="a">1.339</subfield>
    <subfield code="b">2017</subfield>
  </datafield>
  <datafield tag="591" ind1=" " ind2=" ">
    <subfield code="a">ENGINEERING, MULTIDISCIPLINARY</subfield>
    <subfield code="b">41 / 86 = 0.477</subfield>
    <subfield code="c">2017</subfield>
    <subfield code="d">Q2</subfield>
    <subfield code="e">T2</subfield>
  </datafield>
  <datafield tag="591" ind1=" " ind2=" ">
    <subfield code="a">EDUCATION, SCIENTIFIC DISCIPLINES</subfield>
    <subfield code="b">26 / 41 = 0.634</subfield>
    <subfield code="c">2017</subfield>
    <subfield code="d">Q3</subfield>
    <subfield code="e">T2</subfield>
  </datafield>
  <datafield tag="592" ind1=" " ind2=" ">
    <subfield code="a">0.702</subfield>
    <subfield code="b">2017</subfield>
  </datafield>
  <datafield tag="593" ind1=" " ind2=" ">
    <subfield code="a">Engineering (miscellaneous)</subfield>
    <subfield code="c">2017</subfield>
    <subfield code="d">Q1</subfield>
  </datafield>
  <datafield tag="593" ind1=" " ind2=" ">
    <subfield code="a">Education</subfield>
    <subfield code="c">2017</subfield>
    <subfield code="d">Q1</subfield>
  </datafield>
  <datafield tag="655" ind1=" " ind2="4">
    <subfield code="a">info:eu-repo/semantics/article</subfield>
    <subfield code="v">info:eu-repo/semantics/acceptedVersion</subfield>
  </datafield>
  <datafield tag="700" ind1=" " ind2=" ">
    <subfield code="a">Casas Nebra, Roberto</subfield>
    <subfield code="u">Universidad de Zaragoza</subfield>
    <subfield code="0">(orcid)0000-0001-5316-8171</subfield>
  </datafield>
  <datafield tag="700" ind1=" " ind2=" ">
    <subfield code="a">Manchado Pérez, Eduardo</subfield>
    <subfield code="u">Universidad de Zaragoza</subfield>
    <subfield code="0">(orcid)0000-0003-1042-7924</subfield>
  </datafield>
  <datafield tag="700" ind1=" " ind2=" ">
    <subfield code="a">Asensio, Ángel</subfield>
    <subfield code="0">(orcid)0000-0002-6377-5319</subfield>
  </datafield>
  <datafield tag="700" ind1=" " ind2=" ">
    <subfield code="a">López-Pérez, Jose M.</subfield>
    <subfield code="u">Universidad de Zaragoza</subfield>
    <subfield code="0">(orcid)0000-0001-9895-9671</subfield>
  </datafield>
  <datafield tag="710" ind1="2" ind2=" ">
    <subfield code="1">5008</subfield>
    <subfield code="2">785</subfield>
    <subfield code="a">Universidad de Zaragoza</subfield>
    <subfield code="b">Dpto. Ingeniería Electrón.Com.</subfield>
    <subfield code="c">Área Tecnología Electrónica</subfield>
  </datafield>
  <datafield tag="710" ind1="2" ind2=" ">
    <subfield code="1">5002</subfield>
    <subfield code="2">305</subfield>
    <subfield code="a">Universidad de Zaragoza</subfield>
    <subfield code="b">Dpto. Ingeniería Diseño Fabri.</subfield>
    <subfield code="c">Área Expresión Gráfica en Ing.</subfield>
  </datafield>
  <datafield tag="773" ind1=" " ind2=" ">
    <subfield code="g">27, 2 (2017), 329-362</subfield>
    <subfield code="p">Int. j. technol. des. educ.</subfield>
    <subfield code="t">International Journal of Technology and Design Education</subfield>
    <subfield code="x">0957-7572</subfield>
  </datafield>
  <datafield tag="856" ind1="4" ind2=" ">
    <subfield code="s">691830</subfield>
    <subfield code="u">http://zaguan.unizar.es/record/133209/files/texto_completo.pdf</subfield>
    <subfield code="y">Postprint</subfield>
  </datafield>
  <datafield tag="856" ind1="4" ind2=" ">
    <subfield code="s">1808658</subfield>
    <subfield code="u">http://zaguan.unizar.es/record/133209/files/texto_completo.jpg?subformat=icon</subfield>
    <subfield code="x">icon</subfield>
    <subfield code="y">Postprint</subfield>
  </datafield>
  <datafield tag="909" ind1="C" ind2="O">
    <subfield code="o">oai:zaguan.unizar.es:133209</subfield>
    <subfield code="p">articulos</subfield>
    <subfield code="p">driver</subfield>
  </datafield>
  <datafield tag="951" ind1=" " ind2=" ">
    <subfield code="a">2024-04-10-08:35:16</subfield>
  </datafield>
  <datafield tag="980" ind1=" " ind2=" ">
    <subfield code="a">ARTICLE</subfield>
  </datafield>
</record>
</collection>